| 000 | 00950nam a22002895a 4500 | ||
|---|---|---|---|
| 003 | EG-ScBUE | ||
| 005 | 20211121113204.0 | ||
| 008 | 120829s2002 ua f 00| ff aradd | ||
| 017 | _a2001 / 18038 | ||
| 020 | _a9770907782 | ||
| 040 |
_aEG-ScBUE _bara _erda _cEG-ScBUE _dEG-ScBUE |
||
| 082 | 0 | 4 |
_a892.736 _bغ ي ط _222 |
| 100 | 1 |
_aالغيطاني، جمال، _d1945-2015، _eمؤلف. _913713 |
|
| 245 | 1 | 0 |
_aمتون الأهرام / _cجمال الغيطاني. |
| 250 | _aالطبعة الثانية. | ||
| 264 | 1 |
_aالقاهرة : _bدار الشروق، _c2002. |
|
| 300 |
_a124 صفحة ؛ _c20 سم |
||
| 336 |
_2rdacontent _aنص _btxt |
||
| 337 |
_2rdamedia _aبدون وسيط _bn |
||
| 338 |
_2rdacarrier _aمجلد _bnc |
||
| 590 | _aMenna Elemam | ||
| 650 | 7 |
_aالقصص العربية _zمصر _yقرن 20. _98441 _2BUEsh |
|
| 651 | _2BUEsh | ||
| 653 |
_bARALIT _cAugust2015 |
||
| 655 |
_vReading book _934232 |
||
| 942 |
_cBB _2ddc |
||
| 999 |
_c5713 _d5713 |
||